000 00733nam a22002777a 4500
001 BR8802455
003 BR-BrBNA
005 20230928092909.0
007 ta
008 230509b bl.||||| |||| 00| 0 por d
040 _aBR-BrBNA
_bpor
_cBiblioteca Nacional de Agricultura
041 _a(Por)
072 _aF00; H10
090 _ F00 BR8802455
110 1 _aDelegacia Federal de Agricultura de Goias, Goiania (Brasil)
_93049
245 1 _aInforme fitossanitario
260 3 _aGoiania, GO (Brasil):
_c1980.
300 _a18 p.
650 _aDEFESA VEGETAL
650 _aCONTROLE QUIMICO
650 _aPRAGA DE PLANTA
650 _aCIGARRINHA
650 _aGOIAS
909 _a202309
_bLucia
_c55
_dLucia Elande
942 _cBK
999 _c41851
_d41851